| 000 | 00825 a2200241 4500 | ||
|---|---|---|---|
| 020 | _a007114076X | ||
| 020 | _a9780071140768 | ||
| 082 | 0 | 4 | _a657 |
| 090 |
_c2642 _d2642 |
||
| 100 | 1 | _aBrandon, Charles. | |
| 245 | 1 | 0 |
_aManagerial accounting : _bstrategy and control / _cCharles Brandon. |
| 250 | _aInternational Ed ed. | ||
| 260 |
_a[S.l.] : _bMcGraw-Hill Education (ISE Editions), _c1996. |
||
| 300 | _a832 p. | ||
| 490 | 1 | _aMcgraw-hill international editions. | |
| 500 | _aImport. | ||
| 500 | _aPaperback. | ||
| 700 | 1 | _aDrtina, Ralph. | |
| 830 | 0 | _aMcgraw-hill international editions. | |
| 856 | 4 | 0 |
_3Amazon.com _uhttp://www.amazon.com/exec/obidos/ASIN/007114076X/chopaconline-20 |
| 856 | 4 | 0 |
_3Amazon customer reviews _uhttp://www.chopac.org/cgi-bin/tools/azrev.pl?q=007114076X |
| 942 |
_aNBS _cBK _k658.1511 BRA |
||
| 999 |
_c345135 _d345135 |
||